[Event "IECC Swiss email"]
[Site "IECC email"]
[Date "2002.06.25"]
[Round "?"]
[White "Monill, Favio"]
[Black "Chetvertakoff, Valery"]
[Result "0-1"]
[WhiteElo "1124"]
[BlackElo "2214"]
[PlyCount "62"]
[EventDate "2002.??.??"]
[EventType "tourn (corr)"]
[EventRounds "6"]
[SourceTitle "Corr 2008"]
[Source "ChessBase"]
[SourceDate "2008.06.24"]
[SourceVersion "1"]
[SourceVersionDate "2008.06.24"]
[SourceQuality "1"]

1. d4 Nf6 2. e3 e6 3. Bd3 b6 4. c4 Bb7 5. Nf3 Ne4 6. Bxe4 Bxe4 7. Nc3 Bb7 8. 0-0 Be7 9. e4 0-0 10. Be3 a5 11. Qc2 Na6 12. a3 f5 13. d5 Nc5 14. Bxc5 Bxc5 15. Rad1 Qe8 16. Rfe1 Qh5 17. exf5 exd5 18. Nxd5 Rxf5 19. Nd4 Rg5 20. g3 Rf8 21. Qe4 Bxd5 22. cxd5 Rxf2 23. Qe8+ Rf8 24. Qxh5 Rxh5 25. Kg2 Rxd5 26. Nf3 Rxd1 27. Rxd1 d6 28. Re1 h6 29. Re7 Rf7 30. Re8+ Kh7 31. g4 Rd7 0-1

[Event "IECC CL7-2001.29"]
[Site "IECC email"]
[Date "2001.12.20"]
[Round "?"]
[White "Jeffrey, Jack Thomas"]
[Black "Monill, Favio"]
[Result "1-0"]
[WhiteElo "1056"]
[BlackElo "1145"]
[PlyCount "77"]
[EventDate "2001.??.??"]
[EventType "tourn (corr)"]
[EventRounds "4"]
[SourceTitle "Corr 2008"]
[Source "ChessBase"]
[SourceDate "2008.06.24"]
[SourceVersion "1"]
[SourceVersionDate "2008.06.24"]
[SourceQuality "1"]

1. e4 c6 2. d4 d5 3. e5 Bf5 4. Nf3 h6 5. Be2 e6 6. 0-0 Bb4 7. c3 Ba5 8. Nbd2 Ne7 9. Nb3 Bb6 10. a4 a6 11. h3 Nd7 12. Bd3 c5 13. Bxf5 Nxf5 14. Re1 c4 15. Nbd2 Qc7 16. b3 cxb3 17. Qxb3 Ba5 18. Bb2 Rc8 19. Rac1 Nb6 20. Red1 Qc6 21. Ra1 Nc4 22. Nxc4 Qxc4 23. Qxc4 Rxc4 24. Nd2 Rc6 25. Rdc1 f6 26. Nb3 Bc7 27. a5 fxe5 28. Rab1 e4 29. Nc5 Bxa5 30. Nxb7 Bc7 31. Nc5 Kf7 32. Ra1 Ra8 33. Rcb1 e5 34. Nxa6 Rcxa6 35. Rxa6 Rxa6 36. dxe5 Bxe5 37. Rd1 Ke6 38. Rb1 Rb6 39. Ra1 1-0

[Event "IECC CL7-2001.29"]
[Site "IECC email"]
[Date "2001.12.20"]
[Round "?"]
[White "Monill, Favio"]
[Black "Matutis, Rolandas"]
[Result "1-0"]
[WhiteElo "1065"]
[BlackElo "1035"]
[PlyCount "41"]
[EventDate "2001.??.??"]
[EventType "tourn (corr)"]
[EventRounds "4"]
[SourceTitle "Corr 2008"]
[Source "ChessBase"]
[SourceDate "2008.06.24"]
[SourceVersion "1"]
[SourceVersionDate "2008.06.24"]
[SourceQuality "1"]

1. e4 e5 2. Nf3 d6 3. d4 exd4 4. Nxd4 c5 5. Bb5+ Bd7 6. Bxd7+ Qxd7 7. Nf3 Nf6 8. Nc3 Qe6 9. 0-0 Qd7 10. Qe2 Nc6 11. Rd1 0-0-0 12. Bg5 Be7 13. e5 Ne8 14. exd6 Nxd6 15. Qe3 Bxg5 16. Qxg5 f6 17. Qxc5 Qf5 18. Rd5 Qxc2 19. Nd4 Ne4 20. Rxd8+ Rxd8 21. Qf5+ 1-0

[Event "IECG CN.2001.0.00271"]
[Site "IECG email"]
[Date "2001.11.28"]
[Round "?"]
[White "Monill, Favio"]
[Black "Soule, Larry P"]
[Result "0-1"]
[WhiteElo "800"]
[BlackElo "932"]
[PlyCount "72"]
[EventDate "2001.11.28"]
[EventType "tourn (corr)"]
[EventRounds "6"]
[SourceTitle "Corr 2008"]
[Source "ChessBase"]
[SourceDate "2008.06.24"]
[SourceVersion "1"]
[SourceVersionDate "2008.06.24"]
[SourceQuality "1"]

1. e4 e5 2. f4 exf4 3. Nf3 g5 4. Bc4 Bg7 5. 0-0 d6 6. c3 h6 7. d4 Nc6 8. Qa4 Bd7 9. Qb3 Na5 10. Bxf7+ Kf8 11. Qa3 Kxf7 12. Qxa5 c5 13. Qa3 b6 14. Nbd2 Be6 15. d5 Bg4 16. Qb3 Qd7 17. Re1 Re8 18. a4 Ne7 19. Nc4 Bxf3 20. gxf3 Ng6 21. a5 Nh4 22. Rf1 Qh3 23. Qc2 Nxf3+ 24. Rxf3 Qxf3 25. Nxd6+ Kf6 26. axb6 axb6 27. Ra6 Qg4+ 28. Kf1 Rb8 29. e5+ Kxe5 30. Qg6 Qh3+ 31. Kg1 Qg4+ 32. Kf1 Qh3+ 33. Kg1 Rhd8 34. Nf7+ Kxd5 35. c4+ Kxc4 36. Qe4+ Bd4+ 0-1

[Event "IECG RN.2001.0.00010"]
[Site "IECG email"]
[Date "2001.11.28"]
[Round "?"]
[White "Monill, Favio"]
[Black "Venturas, Bob"]
[Result "1-0"]
[WhiteElo "800"]
[BlackElo "493"]
[PlyCount "81"]
[EventDate "2001.11.28"]
[EventType "tourn (corr)"]
[EventRounds "6"]
[SourceTitle "Corr 2008"]
[Source "ChessBase"]
[SourceDate "2008.06.24"]
[SourceVersion "1"]
[SourceVersionDate "2008.06.24"]
[SourceQuality "1"]

1. d4 d5 2. Bf4 a6 3. e3 Nf6 4. c4 Bf5 5. Nc3 e6 6. Nf3 h6 7. Qa4+ Nc6 8. Ne5 Bd6 9. Nxc6 Qd7 10. Bxd6 cxd6 11. Na5 Qxa4 12. Nxa4 0-0 13. Nxb7 Rab8 14. Nxd6 Bc2 15. b3 Rfd8 16. c5 a5 17. Rc1 Bh7 18. Ba6 Rd7 19. c6 Rc7 20. Nb5 Rxb5 21. Bxb5 Be4 22. f3 Bh7 23. Nc5 Ne8 24. Na6 Rc8 25. c7 Nd6 26. Bd7 Ra8 27. c8Q+ Nxc8 28. Rxc8+ Rxc8 29. Bxc8 g5 30. Nc5 Bb1 31. a4 Bc2 32. Kd2 Bf5 33. g4 Bg6 34. Nb7 h5 35. h3 h4 36. Nxa5 f6 37. Bxe6+ Bf7 38. Bxf7+ Kxf7 39. Rc1 Ke6 40. Rc6+ Ke7 41. b4 1-0

[Event "IECG RN.2001.0.00010"]
[Site "IECG email"]
[Date "2001.11.28"]
[Round "?"]
[White "Rosenberger, Jerome"]
[Black "Monill, Favio"]
[Result "1/2-1/2"]
[WhiteElo "724"]
[BlackElo "800"]
[PlyCount "90"]
[EventDate "2001.11.28"]
[EventType "tourn (corr)"]
[EventRounds "6"]
[SourceTitle "Corr 2008"]
[Source "ChessBase"]
[SourceDate "2008.06.24"]
[SourceVersion "1"]
[SourceVersionDate "2008.06.24"]
[SourceQuality "1"]

1. d4 Nf6 2. e3 g6 3. Bd3 Bg7 4. f4 d5 5. Nd2 0-0 6. Ngf3 c5 7. c3 Qd6 8. 0-0 Nc6 9. Ne5 a5 10. b3 b6 11. Ba3 Ba6 12. Bxa6 Rxa6 13. Qe2 Raa8 14. e4 Rfd8 15. Rae1 Rac8 16. Nxc6 Qxc6 17. e5 Nd7 18. f5 gxf5 19. Rxf5 Qe6 20. Qd3 b5 21. Nf3 Qg6 22. Nh4 Qg4 23. g3 b4 24. Rf4 Qe6 25. Nf5 Nf8 26. Nxg7 Kxg7 27. Bb2 Ng6 28. Rf2 c4 29. Qd2 Rb8 30. Ref1 Nh8 31. Bc1 bxc3 32. Qxc3 Rdc8 33. bxc4 Rxc4 34. Qe3 Kf8 35. Ba3 Ke8 36. Qg5 Kd7 37. Bc5 a4 38. a3 h6 39. Qg7 Ng6 40. Rxf7 Rb2 41. Qxh6 Rcc2 42. R7f2 Rxf2 43. Rxf2 Rb1+ 44. Rf1 Qf5 45. Rxb1 Qxb1+ 1/2-1/2

[Event "IECG CP.2001.P.00075"]
[Site "IECG email"]
[Date "2001.10.01"]
[Round "?"]
[White "Freeman, Ashley"]
[Black "Monill, Favio"]
[Result "1-0"]
[WhiteElo "2000"]
[BlackElo "800"]
[PlyCount "67"]
[EventDate "2001.10.01"]
[EventType "tourn (corr)"]
[EventRounds "6"]
[SourceTitle "Corr 2008"]
[Source "ChessBase"]
[SourceDate "2008.06.24"]
[SourceVersion "1"]
[SourceVersionDate "2008.06.24"]
[SourceQuality "1"]

1. e4 c6 2. d4 d5 3. Nc3 dxe4 4. Nxe4 Bf5 5. Ng3 Bg6 6. Bc4 e6 7. N1e2 Nf6 8. 0-0 Be7 9. Nf4 Nbd7 10. Bxe6 fxe6 11. Nxe6 Qb6 12. Nxg7+ Kf7 13. Qe2 Bxc2 14. Qe6+ Kxg7 15. Qxe7+ Kg6 16. h4 Rae8 17. h5+ Nxh5 18. Qg5+ Kf7 19. Qxh5+ Bg6 20. Qf3+ Nf6 21. Bg5 Re6 22. d5 cxd5 23. Bxf6 Rxf6 24. Qxd5+ Kg7 25. Qg5 Kf7 26. Qd5+ Kg7 27. Nh5+ Bxh5 28. Qxh5 Rhf8 29. Qg5+ Rg6 30. Qe5+ Qf6 31. Qxf6+ Rgxf6 32. Rad1 Re6 33. Rd7+ Rf7 34. Rfd1 1-0

[Event "IECG CN.2001.0.00262"]
[Site "IECG email"]
[Date "2001.09.23"]
[Round "?"]
[White "Monill, Favio"]
[Black "Venturas, Bob"]
[Result "1-0"]
[WhiteElo "800"]
[BlackElo "531"]
[PlyCount "91"]
[EventDate "2001.09.23"]
[EventType "tourn (corr)"]
[EventRounds "6"]
[SourceTitle "Corr 2008"]
[Source "ChessBase"]
[SourceDate "2008.06.24"]
[SourceVersion "1"]
[SourceVersionDate "2008.06.24"]
[SourceQuality "1"]

1. d4 d5 2. Nd2 Nc6 3. e3 a6 4. c3 Bf5 5. Ngf3 e6 6. Be2 Bd6 7. 0-0 Nf6 8. Qb3 b5 9. a4 b4 10. cxb4 Nxb4 11. Qc3 0-0 12. Ne5 Ne4 13. Nxe4 Bxe4 14. f3 Bg6 15. Nxg6 fxg6 16. e4 Be7 17. Be3 a5 18. Rfc1 c6 19. Rf1 Qc7 20. Rfe1 Bh4 21. Red1 Rf7 22. Rdc1 Raf8 23. e5 h6 24. Bd2 Bg5 25. Bxg5 hxg5 26. Qd2 Rf5 27. Rc5 Rf4 28. Rf1 g4 29. g3 R4f5 30. f4 Qd8 31. Bxg4 Qb6 32. Kg2 Na6 33. Rxa5 Nb4 34. Rc5 Kf7 35. a5 Qb7 36. Qc3 Rc8 37. Qb3 Ke7 38. a6 Qb6 39. Ra1 Rff8 40. Ra4 Rb8 41. a7 Ra8 42. Rxb4 Qa6 43. Rb7+ Ke8 44. Rc7 Kd8 45. Qb8+ Rxb8 46. axb8Q+ 1-0

[Event "IECC Swiss email"]
[Site "IECC email"]
[Date "2001.09.19"]
[Round "?"]
[White "Cobb, Carl"]
[Black "Monill, Favio"]
[Result "0-1"]
[WhiteElo "1599"]
[BlackElo "1085"]
[PlyCount "60"]
[EventDate "2001.??.??"]
[EventType "tourn (corr)"]
[EventRounds "6"]
[SourceTitle "Corr 2008"]
[Source "ChessBase"]
[SourceDate "2008.06.24"]
[SourceVersion "1"]
[SourceVersionDate "2008.06.24"]
[SourceQuality "1"]

1. c4 e5 2. d3 Nf6 3. Nc3 Bb4 4. Bd2 Nc6 5. Nf3 0-0 6. e3 Bxc3 7. Bxc3 d6 8. Be2 e4 9. Bxf6 Qxf6 10. dxe4 Qxb2 11. 0-0 Re8 12. Nd2 Rb8 13. Bf3 Be6 14. Qc1 Qf6 15. Rb1 Qg6 16. g3 b6 17. Qc2 a6 18. Bg2 Ne5 19. f4 Ng4 20. Rb3 Qh5 21. h3 Nf6 22. f5 Bc8 23. Rf4 Bb7 24. Rh4 Qg5 25. Kf2 Nd7 26. Rb1 Qf6 27. Rf4 Re5 28. Rh1 Nc5 29. h4 Rbe8 30. g4 Qe7 0-1

[Event "IECG QN.2001.0.00194"]
[Site "IECG email"]
[Date "2001.09.13"]
[Round "?"]
[White "Monill, Favio"]
[Black "Tobey, Al E"]
[Result "1-0"]
[WhiteElo "800"]
[BlackElo "562"]
[PlyCount "49"]
[EventDate "2001.09.13"]
[EventType "tourn (corr)"]
[EventRounds "6"]
[SourceTitle "Corr 2008"]
[Source "ChessBase"]
[SourceDate "2008.06.24"]
[SourceVersion "1"]
[SourceVersionDate "2008.06.24"]
[SourceQuality "1"]

1. e4 e5 2. f4 d6 3. Nf3 Nc6 4. Bc4 Be7 5. 0-0 Nf6 6. d3 0-0 7. Nc3 Na5 8. fxe5 Nxc4 9. exf6 Bxf6 10. dxc4 Bg4 11. Nd5 Be5 12. Qd3 c6 13. Ne3 Be6 14. c3 Bf6 15. Rd1 Be7 16. Bd2 Qb6 17. b3 f5 18. Nd4 Rf6 19. exf5 Bd7 20. Rf1 Qc7 21. Rae1 Rf7 22. Ne6 Qc8 23. Ng4 Rxf5 24. Qxf5 g6 25. Qf7+ 1-0

[Event "IECG QN.2001.0.00194"]
[Site "IECG email"]
[Date "2001.09.13"]
[Round "?"]
[White "Tobey, Al E"]
[Black "Monill, Favio"]
[Result "0-1"]
[WhiteElo "562"]
[BlackElo "800"]
[PlyCount "66"]
[EventDate "2001.09.13"]
[EventType "tourn (corr)"]
[EventRounds "6"]
[SourceTitle "Corr 2008"]
[Source "ChessBase"]
[SourceDate "2008.06.24"]
[SourceVersion "1"]
[SourceVersionDate "2008.06.24"]
[SourceQuality "1"]

1. e4 e5 2. Nf3 d6 3. Be2 Nf6 4. Nc3 Be7 5. 0-0 0-0 6. d3 Nc6 7. Bg5 Be6 8. g3 d5 9. Bxf6 Bxf6 10. exd5 Bxd5 11. Nxd5 Qxd5 12. Nd2 Rae8 13. Re1 Nd4 14. c3 Nxe2+ 15. Rxe2 Qxd3 16. Re3 Qd6 17. Qc2 Bd8 18. Ne4 Qg6 19. b4 f5 20. Nc5 Qc6 21. Rae1 b6 22. Nd3 e4 23. Qb3+ Kh8 24. b5 Qd7 25. Nb4 Qxb5 26. a4 Qc5 27. Na6 Qd6 28. Rd1 Qg6 29. f4 Be7 30. Nxc7 Bc5 31. Nxe8 Bxe3+ 32. Kf1 Qh5 33. Ke1 Qxh2 0-1

[Event "IECG RN.2001.0.00008"]
[Site "IECG email"]
[Date "2001.09.09"]
[Round "?"]
[White "Monill, Favio"]
[Black "Shilo, Amit"]
[Result "1-0"]
[WhiteElo "800"]
[BlackElo "800"]
[PlyCount "21"]
[EventDate "2001.09.09"]
[EventType "tourn (corr)"]
[EventRounds "6"]
[SourceTitle "Corr 2008"]
[Source "ChessBase"]
[SourceDate "2008.06.24"]
[SourceVersion "1"]
[SourceVersionDate "2008.06.24"]
[SourceQuality "1"]

1. e4 e5 2. Nf3 Nc6 3. Bc4 Bc5 4. d3 Nf6 5. a3 0-0 6. 0-0 d6 7. Bg5 h6 8. Bh4 Bg4 9. Nbd2 g5 10. Bg3 Nh5 11. Kh1 1-0